000 00814nam a22002775i 4500
999 _c2802
_d2802
001 017022556
003 Uk
005 20230822095759.0
008 150123s2015 enk |||| ||eng
016 7 _a017022556
_2Uk
020 _a9780134049748 (paperback)
020 _a0134049748 (paperback)
040 _aUk
_beng
_cUk
_erda
_dKH8
082 0 4 _a428.24 BEA
_223
100 _aBeaumont, John,
_eauthor.
245 0 0 _aNorthStar 1 :
_breading & writing /
_cJohn Beaumont.
250 _aThird Edition, International Edition.
264 1 _bPearson Education,
_c[2015]
300 _axix, 200 pages;
_c7.9 x 0.55 x 9.95 inches.
440 _aNorthStar
650 _aEnglish
_vReading
650 _aEnglish
_vWriting
650 _aEnglish
_vSecond language
700 _aYancey, Judith,
_eauthor.
942 _2ddc
_cTR